Quiz foot // Psg - Liverpool // - Statistiques

Statistiques générales
  • Ce quiz a été pris 66 fois
  • Le résultat moyen est 7 sur 10
Statistiques - réponses
Questions Réponses % Correct
Meilleur buteur de l'histoire du PSG Kylian Mbappe
98%
Meilleur passeur décisif de l'histoire du PSG Angel Di Maria
95%
Meilleur buteur de l'histoire de Liverpool Ian Rush
88%
Meilleur passeur décisif de l'histoire de Liverpool Steven Gerrard
88%
Entraîneur de Liverpool lors de la remontada en LDC en 2005 Rafael Benítez
63%
Entraîneur de Liverpool vainqueur de la LDC en 2019 Jürgen Klopp
63%
Entraîneur du PSG finaliste de LDC en 2020 Thomas Tuchel
63%
Attaquant notable ayant évolué au PSG et à Liverpool Nicolas Anelka
61%
Milieu notable ayant évolué au PSG et à Liverpool Georginio Wijnaldum
61%
Seul défenseur ayant évolué au PSG et à Liverpool Mamadou Sakho
61%
Aucun quiz correspondant
Distribution des résultats
% des personnes avec chaque résultat
Percentile par nombre de réponses
Votre historique - résultats
Vous n’avez pas pris ce quiz